| 000 | 00439cam a2200181ua 4500 | ||
|---|---|---|---|
| 020 | _cRs 3.00 | ||
| 041 |
_ahin _h |
||
| 082 |
_a891.54 _bCHA/RE |
||
| 100 | _aChandragupta, Vidyalangar . | ||
| 245 |
_aReva / _cChandragupta Vidyanlankar. _hTextual Documents |
||
| 250 |
_a5 / _b. |
||
| 260 |
_a : _bRajpal and Sanch , _c1961. |
||
| 300 | _a175 ; . | ||
| 365 | _aRs 3.00 | ||
| 504 | _a | ||
| 942 | _cBK | ||
| 999 |
_c3472 _d3472 |
||